000 00770 a2200265 4500
502 _aThèse de Doctorat
260 _aWageningen
653 1 _aAgronomie
100 _aMBOGANIE MWANGI, Alice
041 _bEn
260 _bUniversité de Wageningen
300 _a142 p.
245 _aNutritional, hygienic and socio-economic dimensions of street foods in urban areas : the case of Nairobi
650 _aNUTRITION
260 _c05 Mars 2002
300 _bIll., Couv. ill. ; 24 cm
130 _lEn
040 _aSupport
041 _bEn
653 1 _aNutrition et Sciences Alimentaires
100 _uAbomey-Calavi, Université d'Abomey-Calavi, Faculté des Sciences Agronomiques, Bj
651 _aNAIROBI
020 _a90-5808-582-1
999 _c31847
_d31847